000 01494cam a22003734a 4500
001 13919723
003 OSt
005 20151027111314.0
008 050404s2005 nyu 000 0 eng
010 _a 2005046587
020 _a0312343760
040 _aDLC
_cDLC
_dDLC
042 _apcc
043 _an-us-ma
050 0 0 _aLB 2351.52
_b.F469 2005
082 0 0 _aIB 378.1616
_bF46 2005
245 0 0 _a50 successful harvard application essays :
_bwhat worked for them can help you get into the college of your choice.
_cWith the analysis by the staff of The Harvard Crimson.
246 3 _aFifty successful Harvard application essays
250 _a2nd ed.
260 _aNew York :
_bSt. Martin's Griffin,
_c2005.
300 _axii, 180 p. ;
_c21 cm.
562 _eFor circulation. 2 copies available in the collection
610 2 0 _aHarvard University
_xAdmission.
650 0 _aCollege applications
_zMassachusetts
_zBoston.
650 0 _aExposition (Rhetoric)
730 0 _aHarvard crimson.
856 4 2 _3Contributor biographical information
_uhttp://www.loc.gov/catdir/enhancements/fy0624/2005046587-b.html
856 4 2 _3Publisher description
_uhttp://www.loc.gov/catdir/enhancements/fy0624/2005046587-d.html
906 _a7
_bcbc
_corignew
_d1
_eocip
_f20
_gy-gencatlg
942 _2lcc
_cBK
999 _c1809
_d1809